[Event "Titled Tuesday intern op 23rd Apr Late"]
[Site "Chess.com INT"]
[Date "2024.04.23"]
[Round "11"]
[White "Garcia Correa, Jose Ricardo"]
[Black "Oliveira, Tiago Batista"]
[Result "1-0"]
[WhiteElo "2103"]
[BlackElo "1964"]
[PlyCount "53"]
[EventDate "2024.04.23"]
[EventType "swiss (blitz)"]
[EventRounds "11"]
[EventCountry "USA"]
[SourceTitle "CB18_2024"]
[SourceDate "2024.05.01"]
[SourceVersion "1"]
[SourceVersionDate "2024.05.01"]
[SourceQuality "2"]

1. e4 e5 2. d4 exd4 3. Qxd4 Nc6 4. Qc4 d6 5. Nc3 Be6 6. Qe2 Nf6 7. Be3 Be7 8. f3 0-0 9. 0-0-0 a6 10. g4 b5 11. g5 Nd7 12. f4 Bc4 13. Qh5 Bxf1 14. Rxf1 f5 15. exf5 Rxf5 16. Nf3 g6 17. Qg4 Qe8 18. Bd2 Nc5 19. Re1 Qf8 20. Nh4 Rf7 21. Nd5 b4 22. Rhf1 a5 23. f5 gxf5 24. Nxf5 Re8 25. Nh6+ Kh8 26. Nxf7+ Kg8 27. Nh6+ 1-0

[Event "Titled Tuesday intern op 23rd Apr Late"]
[Site "Chess.com INT"]
[Date "2024.04.23"]
[Round "5"]
[White "Kostiukov, Alexandr"]
[Black "Oliveira, Tiago Batista"]
[Result "1-0"]
[WhiteElo "2271"]
[BlackElo "1964"]
[PlyCount "71"]
[EventDate "2024.04.23"]
[EventType "swiss (blitz)"]
[EventRounds "11"]
[EventCountry "USA"]
[SourceTitle "CB18_2024"]
[SourceDate "2024.05.01"]
[SourceVersion "1"]
[SourceVersionDate "2024.05.01"]
[SourceQuality "2"]

1. g3 c5 2. c4 Nc6 3. Bg2 g6 4. Nf3 Bg7 5. 0-0 e5 6. Nc3 d6 7. d3 Be6 8. Rb1 a5 9. a3 Nge7 10. Bd2 0-0 11. Ng5 Bd7 12. Nge4 Be6 13. Nb5 Nc8 14. Nec3 Rb8 15. Nd5 N6e7 16. Ndc3 Nb6 17. Ne4 Nec8 18. Bxa5 f5 19. Nd2 Qf6 20. Nxd6 Nxd6 21. Bxb6 Rbc8 22. b4 cxb4 23. axb4 Bf7 24. Bc5 Rfe8 25. Bxd6 Qxd6 26. Bxb7 Rb8 27. c5 Qd4 28. c6 Bd5 29. b5 e4 30. Nb3 Qb6 31. dxe4 Bxe4 32. Rc1 Rxb7 33. cxb7 Qxb5 34. Rc8 Bxb7 35. Rxe8+ Qxe8 36. Nc5 1-0

[Event "Titled Tuesday intern op 23rd Apr Late"]
[Site "Chess.com INT"]
[Date "2024.04.23"]
[Round "10"]
[White "Oliveira, Tiago Batista"]
[Black "Kalinin, Dmitry2"]
[Result "0-1"]
[WhiteElo "1964"]
[BlackElo "1997"]
[PlyCount "62"]
[EventDate "2024.04.23"]
[EventType "swiss (blitz)"]
[EventRounds "11"]
[EventCountry "USA"]
[SourceTitle "CB18_2024"]
[SourceDate "2024.05.01"]
[SourceVersion "1"]
[SourceVersionDate "2024.05.01"]
[SourceQuality "2"]

1. d4 Nf6 2. c4 e6 3. g3 d5 4. Nf3 Be7 5. Bg2 0-0 6. Nbd2 b6 7. Ne5 Bb7 8. Qa4 Nfd7 9. Ndf3 dxc4 10. 0-0 Nxe5 11. dxe5 c3 12. Rd1 Qc8 13. bxc3 Rd8 14. Be3 Nd7 15. Qg4 Nf8 16. h4 Rxd1+ 17. Rxd1 Qe8 18. Bh6 g6 19. h5 Rd8 20. Rxd8 Qxd8 21. Bxf8 Bxf8 22. hxg6 hxg6 23. Ng5 Bxg2 24. Kxg2 Qd5+ 25. Ne4 Qxe5 26. f3 Kg7 27. Qh4 Bd6 28. Qd8 a5 29. Qd7 Kg8 30. Qe8+ Kg7 31. Qd7 Bc5 0-1

[Event "Titled Tuesday intern op 16th Apr Late"]
[Site "Chess.com INT"]
[Date "2024.04.16"]
[Round "5"]
[White "Oliveira, Tiago Batista"]
[Black "Leschinsky, Gary"]
[Result "0-1"]
[WhiteElo "1964"]
[BlackElo "1992"]
[PlyCount "122"]
[EventDate "2024.04.16"]
[EventType "swiss (blitz)"]
[EventRounds "11"]
[EventCountry "USA"]
[SourceTitle "CB17_2024"]
[SourceDate "2024.04.24"]
[SourceVersion "1"]
[SourceVersionDate "2024.04.24"]
[SourceQuality "1"]

1. d4 Nf6 2. c4 g6 3. Nc3 Bg7 4. e4 d6 5. Nf3 0-0 6. Be2 e5 7. 0-0 Bg4 8. d5 a5 9. Ne1 Bd7 10. Nd3 Na6 11. Be3 b6 12. a3 a4 13. b4 axb3 14. Qxb3 h6 15. c5 Nxc5 16. Nxc5 bxc5 17. Bb5 Bxb5 18. Qxb5 Qd7 19. Rfb1 Ra7 20. f3 Rfa8 21. a4 Qxb5 22. Nxb5 Rxa4 23. Rxa4 Rxa4 24. Nxc7 Ra3 25. Rb8+ Kh7 26. Kf2 Ra2+ 27. Kg3 Nh5+ 28. Kh3 f5 29. Rd8 f4 30. Bxc5 dxc5 31. d6 Nf6 32. Nd5 Nxd5 33. exd5 Rd2 34. d7 Rxd5 35. g3 c4 36. Kg4 c3 37. gxf4 exf4 38. Kxf4 c2 39. Rc8 Rxd7 40. Rxc2 h5 41. Rc6 Bh6+ 42. Ke4 Kg7 43. h3 Rf7 44. Rc3 Rf4+ 45. Ke5 Rf5+ 46. Ke4 Kh7 47. Rc7+ Bg7 48. Rb7 Ra5 49. Rb3 g5 50. Rd3 Kg6 51. Rd6+ Bf6 52. Rb6 Ra4+ 53. Ke3 Kf5 54. Rb5+ Be5 55. Rb3 Rh4 56. Kf2 Rxh3 57. Kg2 Rh2+ 58. Kg1 Ra2 59. Kf1 Kf4 60. Kg1 Kg3 61. Kf1 Rf2+ 0-1

[Event "Titled Tuesday intern op 16th Apr Late"]
[Site "Chess.com INT"]
[Date "2024.04.16"]
[Round "3"]
[White "Oliveira, Tiago Batista"]
[Black "Wiegmann, Sascha"]
[Result "0-1"]
[WhiteElo "1964"]
[BlackElo "2300"]
[PlyCount "58"]
[EventDate "2024.04.16"]
[EventType "swiss (blitz)"]
[EventRounds "11"]
[EventCountry "USA"]
[SourceTitle "CB17_2024"]
[SourceDate "2024.04.24"]
[SourceVersion "1"]
[SourceVersionDate "2024.04.24"]
[SourceQuality "1"]

1. d4 d5 2. c4 dxc4 3. g3 Nf6 4. Bg2 c6 5. Nf3 Bf5 6. 0-0 e6 7. Nbd2 h6 8. Nxc4 Nbd7 9. Bf4 Nb6 10. Nfe5 Be7 11. Re1 0-0 12. e4 Bh7 13. Rc1 Nxc4 14. Nxc4 Rc8 15. Ne5 Qa5 16. a3 Rfd8 17. Qb3 Qb6 18. Qxb6 axb6 19. Rcd1 b5 20. h3 Ra8 21. g4 Ra4 22. Be3 Bxe4 23. Bxe4 Nxe4 24. Bxh6 Raxd4 25. Rxd4 Rxd4 26. Be3 Rd5 27. Nf3 Nd6 28. Nd4 Nc4 29. b3 Nxa3 0-1

[Event "Titled Tuesday intern op 02nd Apr Late"]
[Site "Chess.com INT"]
[Date "2024.04.02"]
[Round "1"]
[White "Oliveira, Tiago Batista"]
[Black "Avramidou, Anastasia"]
[Result "0-1"]
[WhiteElo "1964"]
[BlackElo "2287"]
[PlyCount "92"]
[EventDate "2024.04.02"]
[EventType "swiss (blitz)"]
[EventRounds "11"]
[EventCountry "USA"]
[SourceTitle "CB15_2024"]
[SourceDate "2024.04.10"]
[SourceVersion "1"]
[SourceVersionDate "2024.04.10"]
[SourceQuality "1"]

1. d4 Nf6 2. c4 c5 3. d5 d6 4. Nc3 g6 5. g3 Bg7 6. Bg2 0-0 7. Nf3 e6 8. 0-0 exd5 9. cxd5 Re8 10. Nd2 Bg4 11. Re1 Na6 12. Nc4 Nc7 13. a4 b6 14. Nxd6 Qxd6 15. Bf4 Qd7 16. d6 Ne6 17. Bxa8 Rxa8 18. Be5 Rd8 19. Qd2 Nd4 20. Bxd4 cxd4 21. Nb5 a6 22. Nxd4 Qxd6 23. e3 Ne4 24. Qd3 Ng5 25. Ra3 Nf3+ 26. Nxf3 Qxd3 27. Rxd3 Rxd3 28. Nd4 Bxd4 29. exd4 Rxd4 30. Kg2 Rxa4 31. h3 Be6 32. Re2 Rb4 33. Rd2 a5 34. g4 Kg7 35. Kg3 Rb3+ 36. f3 a4 37. Kf4 b5 38. h4 h6 39. h5 gxh5 40. gxh5 Kf6 41. Ke4 b4 42. f4 a3 43. bxa3 bxa3 44. Re2 Rb2 45. Re3 a2 46. Ra3 Rb1 0-1

[Event "Titled Tuesday intern op 13th Feb Late"]
[Site "Chess.com INT"]
[Date "2024.02.13"]
[Round "4"]
[White "Kappeler, Kaspar"]
[Black "Oliveira, Tiago Batista"]
[Result "1-0"]
[WhiteElo "2127"]
[BlackElo "1982"]
[PlyCount "95"]
[EventDate "2024.02.13"]
[EventType "swiss (blitz)"]
[EventRounds "11"]
[EventCountry "USA"]
[SourceTitle "CB08_2024"]
[SourceDate "2024.02.21"]
[SourceVersion "1"]
[SourceVersionDate "2024.02.21"]
[SourceQuality "1"]

1. c4 Nf6 2. Nf3 c5 3. g3 Nc6 4. Bg2 e6 5. 0-0 d5 6. cxd5 Nxd5 7. d4 cxd4 8. Nxd4 Bd7 9. a3 Bc5 10. Nb5 Nce7 11. N1c3 0-0 12. b4 Bxb5 13. Nxb5 Bb6 14. Bb2 a6 15. Nd4 Nc6 16. Nxc6 bxc6 17. Rc1 Rc8 18. Qd3 a5 19. Rfd1 axb4 20. axb4 Nxb4 21. Qc3 Qg5 22. Qxb4 Rb8 23. Qc3 Ba5 24. Qc2 c5 25. Bc3 Bb6 26. Rb1 h5 27. h4 Qg4 28. Bf3 Qc4 29. Qd3 Qxd3 30. Rxd3 c4 31. Rdd1 g6 32. Kg2 Rfc8 33. Be5 Bc7 34. Bxc7 Rxb1 35. Rxb1 Rxc7 36. Rc1 Kg7 37. Rc3 Kf6 38. e3 Ke5 39. Kf1 f5 40. Ke2 Kd6 41. Kd2 e5 42. Be2 Kd5 43. Kc2 e4 44. Ra3 Rb7 45. Ra5+ Kd6 46. Bxc4 Rc7 47. Kc3 Ke7 48. Ra6 1-0

[Event "Titled Tuesday intern op 13th Feb Late"]
[Site "Chess.com INT"]
[Date "2024.02.13"]
[Round "6"]
[White "Oliveira, Tiago Batista"]
[Black "Cabralis, Quinn"]
[Result "0-1"]
[WhiteElo "1982"]
[BlackElo "2149"]
[PlyCount "110"]
[EventDate "2024.02.13"]
[EventType "swiss (blitz)"]
[EventRounds "11"]
[EventCountry "USA"]
[SourceTitle "CB08_2024"]
[SourceDate "2024.02.21"]
[SourceVersion "1"]
[SourceVersionDate "2024.02.21"]
[SourceQuality "1"]

1. d4 d5 2. c4 e6 3. g3 Nf6 4. Nf3 Be7 5. Bg2 0-0 6. 0-0 dxc4 7. Qc2 b5 8. a4 b4 9. Nbd2 Nd5 10. Nxc4 a5 11. e4 Nb6 12. Bf4 Ba6 13. b3 N8d7 14. Rfc1 c5 15. Nxb6 Qxb6 16. dxc5 Bxc5 17. e5 Rac8 18. Ng5 g6 19. Ne4 Bd4 20. Qd2 Bxa1 21. Rxa1 Rfd8 22. Bg5 Nxe5 23. Bxd8 Rxd8 24. Qh6 Ng4 25. Qh4 f5 26. h3 fxe4 27. hxg4 Qd4 28. Re1 Bd3 29. Qe7 Rf8 30. Qxe6+ Rf7 31. Qe8+ Kg7 32. Kh2 Qxf2 33. Rg1 Qe3 34. Qe5+ Kg8 35. Qe8+ Kg7 36. Qe5+ Kh6 37. Rd1 Be2 38. g5+ Qxg5 39. Qxg5+ Kxg5 40. Rd5+ Kg4 41. Bxe4 Rf2+ 42. Kg1 Rf6 43. Bg2 Kxg3 44. Re5 Bg4 45. Re3+ Kf4 46. Re4+ Kf5 47. Rc4 Rd6 48. Rc5+ Kf4 49. Rc4+ Kg5 50. Rc5+ Kf6 51. Rxa5 Rd1+ 52. Kf2 Rd2+ 53. Kg3 Bf5 54. Bd5 Rd3+ 55. Kf4 g5# 0-1

[Event "Araraquara op 2nd"]
[Site "Araraquara"]
[Date "2024.02.12"]
[Round "6"]
[White "De Souza, Samuel B Ornelas"]
[Black "Oliveira, Tiago Batista"]
[Result "1-0"]
[WhiteElo "1734"]
[BlackElo "1982"]
[PlyCount "105"]
[EventDate "2024.02.10"]
[EventType "swiss"]
[EventRounds "7"]
[EventCountry "BRA"]
[SourceTitle "CB09_2024"]
[SourceDate "2024.02.28"]
[SourceVersion "1"]
[SourceVersionDate "2024.02.28"]
[SourceQuality "1"]

1. d4 Nf6 2. c4 g6 3. g3 Bg7 4. Bg2 0-0 5. Nf3 d6 6. 0-0 Nbd7 7. Nc3 c5 8. d5 a6 9. h3 Rb8 10. a4 Nb6 11. Nd2 e6 12. a5 Na8 13. dxe6 Bxe6 14. Nde4 Qd7 15. Bf4 Nxe4 16. Nxe4 Rbd8 17. Qxd6 Qxd6 18. Bxd6 Rfe8 19. Bxc5 Bxb2 20. Rab1 Bf5 21. Rxb2 Bxe4 22. e3 Bxg2 23. Kxg2 Rc8 24. Bd4 Rxc4 25. Rxb7 Nc7 26. Bb6 Rc8 27. Rd1 Na8 28. Rd8+ Rxd8 29. Bxd8 Rc8 30. Rd7 Kf8 31. Bf6 Ke8 32. Re7+ Kf8 33. Ra7 Ke8 34. Be5 Kf8 35. Rxa6 Ke7 36. h4 Kd7 37. g4 Rc5 38. f4 Rc8 39. g5 Ke7 40. Kf3 Kd7 41. Kg4 Ke7 42. f5 Rc5 43. Bf4 Rc8 44. Ra7+ Kf8 45. fxg6 hxg6 46. h5 gxh5+ 47. Kxh5 Kg8 48. Bd6 Kg7 49. e4 Rh8+ 50. Kg4 Rd8 51. e5 Kg6 52. Ra6 Rc8 53. Bb8+ 1-0

[Event "Araraquara op 2nd"]
[Site "Araraquara"]
[Date "2024.02.11"]
[Round "4"]
[White "Dezejacomo, Daniel Otavio Silva"]
[Black "Oliveira, Tiago Batista"]
[Result "1-0"]
[WhiteElo "1754"]
[BlackElo "1982"]
[PlyCount "53"]
[EventDate "2024.02.10"]
[EventType "swiss"]
[EventRounds "7"]
[EventCountry "BRA"]
[SourceTitle "CB09_2024"]
[SourceDate "2024.02.28"]
[SourceVersion "1"]
[SourceVersionDate "2024.02.28"]
[SourceQuality "1"]

1. d4 Nf6 2. Nc3 d5 3. Bf4 c5 4. e4 e6 5. e5 Nfd7 6. dxc5 Bxc5 7. Qg4 g6 8. Nf3 Qb6 9. 0-0-0 Bxf2 10. h4 Be3+ 11. Kb1 Bxf4 12. Qxf4 Nc6 13. h5 a6 14. Bd3 Qb4 15. Qg3 Rg8 16. hxg6 hxg6 17. Ng5 Ndxe5 18. Rhe1 Nxd3 19. Rxd3 Ne7 20. Nh7 Rg7 21. Nf6+ Kd8 22. a3 Qc5 23. Qg5 Bd7 24. Qh6 Rg8 25. Nxg8 Nxg8 26. Qg7 Kc7 27. Nxd5+ 1-0

[Event "Araraquara op 2nd"]
[Site "Araraquara"]
[Date "2024.02.11"]
[Round "3"]
[White "Oliveira, Tiago Batista"]
[Black "Sampaio, Andre Luiz"]
[Result "1-0"]
[WhiteElo "1982"]
[BlackElo "1624"]
[PlyCount "41"]
[EventDate "2024.02.10"]
[EventType "swiss"]
[EventRounds "7"]
[EventCountry "BRA"]
[SourceTitle "CB09_2024"]
[SourceDate "2024.02.28"]
[SourceVersion "1"]
[SourceVersionDate "2024.02.28"]
[SourceQuality "1"]

1. Nf3 Nf6 2. c4 g6 3. Nc3 Bg7 4. e4 d6 5. d4 0-0 6. Be2 Nbd7 7. Bg5 c5 8. 0-0 cxd4 9. Nxd4 Nc5 10. Bf3 Ne6 11. Be3 Nxd4 12. Bxd4 Be6 13. b3 Qa5 14. Re1 Rfe8 15. e5 dxe5 16. Rxe5 Qa6 17. Rb5 Rad8 18. Bxb7 Qd6 19. Be5 Qa3 20. Qe1 Bd7 21. Nb1 1-0

[Event "Titled Tuesday intern op 06th Feb Late"]
[Site "Chess.com INT"]
[Date "2024.02.06"]
[Round "11"]
[White "Buenafe Moya, Javier"]
[Black "Oliveira, Tiago Batista"]
[Result "1-0"]
[WhiteElo "2136"]
[BlackElo "1982"]
[PlyCount "71"]
[EventDate "2024.02.06"]
[EventType "swiss (blitz)"]
[EventRounds "11"]
[EventCountry "USA"]
[SourceTitle "CB07_2024"]
[SourceDate "2024.02.14"]
[SourceVersion "1"]
[SourceVersionDate "2024.02.14"]
[SourceQuality "1"]

1. c4 c5 2. Nc3 Nc6 3. Nf3 Nf6 4. d4 cxd4 5. Nxd4 g6 6. g3 Bg7 7. Nc2 0-0 8. Bg2 d6 9. 0-0 Be6 10. b3 Qd7 11. Bb2 Bh3 12. Ne3 Bxg2 13. Kxg2 Rfd8 14. Qd2 Ng4 15. Ned5 e6 16. Nf4 Nce5 17. f3 Qc6 18. h3 Nf6 19. Rad1 g5 20. Nd3 g4 21. hxg4 Nexg4 22. Nf4 Bh6 23. Kh3 Ne5 24. Rh1 Ng6 25. Kg2 Nxf4+ 26. gxf4 Bg7 27. Kf2 Qb6+ 28. e3 d5 29. cxd5 exd5 30. Ne2 Kf8 31. Bd4 Qe6 32. Rdg1 Ne8 33. Qb2 Bxd4 34. Nxd4 Qe7 35. Rxh7 Nf6 36. Rh8+ 1-0

[Event "Titled Tuesday intern op 06th Feb Late"]
[Site "Chess.com INT"]
[Date "2024.02.06"]
[Round "6"]
[White "Oliveira, Tiago Batista"]
[Black "Lopusiewicz, Piotr"]
[Result "0-1"]
[WhiteElo "1982"]
[BlackElo "2301"]
[PlyCount "46"]
[EventDate "2024.02.06"]
[EventType "swiss (blitz)"]
[EventRounds "11"]
[EventCountry "USA"]
[SourceTitle "CB07_2024"]
[SourceDate "2024.02.14"]
[SourceVersion "1"]
[SourceVersionDate "2024.02.14"]
[SourceQuality "1"]

1. d4 d5 2. c4 e6 3. g3 Nf6 4. Nf3 dxc4 5. Bg2 c5 6. 0-0 Nc6 7. Qa4 Bd7 8. dxc5 Na5 9. Qc2 Bxc5 10. Nbd2 Rc8 11. e4 0-0 12. e5 Nd5 13. Ne4 Be7 14. Neg5 g6 15. Qe4 Kg7 16. Qh4 Rh8 17. Qg4 c3 18. Ne4 cxb2 19. Bxb2 Rc4 20. Nd4 Qb6 21. Ng5 Qxb2 22. Nxf7 Qxd4 23. Qf3 Rf8 0-1

[Event "Florianopolis op 10th"]
[Site "Florianopolis"]
[Date "2024.01.25"]
[Round "7"]
[White "De Oliveira, Gustavo Alfredo Bue"]
[Black "Oliveira, Tiago Batista"]
[Result "1-0"]
[WhiteElo "2147"]
[BlackElo "1953"]
[PlyCount "53"]
[EventDate "2024.01.20"]
[EventType "swiss"]
[EventRounds "10"]
[EventCountry "BRA"]
[SourceTitle "CB05_2024"]
[SourceDate "2024.01.31"]
[SourceVersion "1"]
[SourceVersionDate "2024.01.31"]
[SourceQuality "1"]

1. d4 Nf6 2. c4 e6 3. Nf3 d5 4. g3 Be7 5. Bg2 0-0 6. 0-0 dxc4 7. Na3 Nbd7 8. Nxc4 c5 9. b3 Nb6 10. Nxb6 axb6 11. Bb2 Qc7 12. Ne5 Nd7 13. Nc4 b5 14. Ne3 Bf6 15. Ng4 c4 16. Qc2 Be7 17. Rfc1 Nb6 18. Ne3 e5 19. bxc4 exd4 20. Bxd4 Ba3 21. cxb5 Qd6 22. Bxb6 Bxc1 23. Bc5 Qf6 24. Rxc1 Rd8 25. Nd5 Qe6 26. Rd1 Kh8 27. Nc7 1-0

[Event "Titled Tuesday intern op 16th Jan Late"]
[Site "Chess.com INT"]
[Date "2024.01.16"]
[Round "5"]
[White "Oliveira, Tiago Batista"]
[Black "Spichkin, Alexander"]
[Result "0-1"]
[WhiteElo "1953"]
[BlackElo "2035"]
[PlyCount "94"]
[EventDate "2024.01.16"]
[EventType "swiss (blitz)"]
[EventRounds "11"]
[EventCountry "USA"]
[SourceTitle "CB04_2024"]
[SourceDate "2023.10.16"]
[SourceVersion "1"]
[SourceVersionDate "2023.10.16"]
[SourceQuality "1"]

1. d4 e6 2. c4 f5 3. g3 Nf6 4. Bg2 Be7 5. Nf3 0-0 6. 0-0 d6 7. b3 a5 8. Bb2 Ne4 9. Nfd2 d5 10. f3 Nxd2 11. Nxd2 c5 12. e3 Nc6 13. Kh1 Bf6 14. Rc1 cxd4 15. e4 dxe4 16. fxe4 e5 17. exf5 Nb4 18. Ne4 Nxa2 19. Rc2 Nb4 20. Rcf2 a4 21. bxa4 Bd7 22. Nc5 Bc6 23. Ne6 Qb6 24. Nxf8 Rxf8 25. Ba3 e4 26. Rb2 Be7 27. a5 Qxa5 28. Bxb4 Bxb4 29. Qxd4 Bc3 30. Qb6 Qe5 31. Re2 Rxf5 32. Rxf5 Qxf5 33. Qf2 Qxf2 34. Rxf2 e3 35. Rc2 Bxg2+ 36. Kxg2 Bd4 37. Kf3 Kf7 38. Ke4 Bc5 39. Kd5 b6 40. Ra2 Kf6 41. h3 Kf5 42. Ra8 h5 43. Re8 h4 44. g4+ Kf4 45. Rh8 e2 46. Re8 Be3 47. Rf8+ Kg3 0-1

[Event "Rio Verde Goiano op"]
[Site "Rio Verde"]
[Date "2023.12.01"]
[Round "2"]
[White "Oliveira, Tiago Batista"]
[Black "Matsunaga, Lange Cristina"]
[Result "1-0"]
[WhiteElo "1971"]
[BlackElo "1472"]
[PlyCount "85"]
[EventDate "2023.12.01"]
[EventType "swiss"]
[EventRounds "6"]
[EventCountry "BRA"]
[SourceTitle "CB50_2023"]
[SourceDate "2023.12.13"]
[SourceVersion "1"]
[SourceVersionDate "2023.12.13"]
[SourceQuality "1"]

1. d4 d5 2. c4 e6 3. g3 Nf6 4. Bg2 Be7 5. Nf3 0-0 6. 0-0 b6 7. Ne5 Bb7 8. Nc3 c5 9. dxc5 Bxc5 10. Bg5 Be7 11. cxd5 exd5 12. Qa4 Qd6 13. Bf4 Qd8 14. Rfd1 Bd6 15. Nxd5 Bxd5 16. Bxd5 Nxd5 17. Rxd5 Qe7 18. Rad1 Bxe5 19. Bxe5 Re8 20. e3 Qe6 21. Bc7 Qc6 22. Qf4 Na6 23. Rd7 Rf8 24. b4 Nxc7 25. Rxc7 Qa4 26. Rd2 a5 27. bxa5 Qxa5 28. Qd4 b5 29. Qd7 b4 30. Rdc2 Rad8 31. Qg4 Qb5 32. Qc4 Qa5 33. Qe2 Qb6 34. R2c6 Qa5 35. Qc2 Rb8 36. Qc4 Qa4 37. Rd6 Qa8 38. Rdd7 Qa3 39. Rxf7 Kh8 40. Kg2 Qb2 41. Rxf8+ Rxf8 42. Rf7 Rxf7 43. Qc8+ 1-0

[Event "Titled Tuesday intern op 24th Oct Late"]
[Site "Chess.com INT"]
[Date "2023.10.24"]
[Round "7"]
[White "Oliveira, Tiago Batista"]
[Black "Kohler, Aran"]
[Result "0-1"]
[WhiteElo "1971"]
[BlackElo "2020"]
[PlyCount "98"]
[EventDate "2023.10.24"]
[EventType "swiss (blitz)"]
[EventRounds "11"]
[EventCountry "USA"]
[SourceTitle "Mega2024 Update 01"]
[Source "Chessbase"]
[SourceDate "2023.11.12"]
[SourceVersion "1"]
[SourceVersionDate "2023.11.12"]
[SourceQuality "1"]

1. d4 Nf6 2. c4 c5 3. d5 b5 4. cxb5 a6 5. bxa6 g6 6. g3 Bxa6 7. Bg2 d6 8. Nf3 Bg7 9. 0-0 0-0 10. Nc3 Nbd7 11. Qc2 Qb6 12. h3 Rfb8 13. Rd1 Ne8 14. Rb1 Ne5 15. Bg5 h6 16. Bf4 Nxf3+ 17. Bxf3 Nc7 18. Qe4 Re8 19. h4 Bb7 20. h5 e5 21. hxg6 exf4 22. gxf7+ Kxf7 23. Qxf4+ Kg8 24. Ne4 Rf8 25. Qxd6 Qxd6 26. Nxd6 Ba6 27. b3 Rad8 28. Nc4 Nb5 29. Rd2 Nd4 30. Be4 Bb7 31. e3 Nb5 32. Kg2 Nc3 33. Bd3 Bxd5+ 34. f3 Nxb1 35. Bxb1 Bxc4 36. Rxd8 Rxd8 37. bxc4 Rd2+ 38. Kh3 Rb2 39. Be4 Rxa2 40. Bd5+ Kf8 41. e4 Bd4 42. f4 Kg7 43. e5 Ra3 44. Kg4 Bf2 45. Kf5 Bxg3 46. e6 Bh4 47. Ke5 Be7 48. f5 Ra1 49. Be4 Rd1 0-1

[Event "Titled Tuesday intern op 26th Sep Late"]
[Site "Chess.com INT"]
[Date "2023.09.26"]
[Round "5"]
[White "Bullen, Alex"]
[Black "Oliveira, Tiago Batista"]
[Result "1-0"]
[WhiteElo "2128"]
[BlackElo "1971"]
[PlyCount "115"]
[EventDate "2023.09.26"]
[EventType "swiss (blitz)"]
[EventRounds "11"]
[EventCountry "USA"]
[SourceTitle "EXT 2024"]
[Source "ChessBase"]
[SourceDate "2023.10.10"]
[SourceVersion "1"]
[SourceVersionDate "2023.10.10"]
[SourceQuality "1"]

1. h3 g6 2. d4 Bg7 3. c3 c5 4. Bf4 cxd4 5. cxd4 Nc6 6. e3 Nf6 7. Nc3 0-0 8. Nf3 d5 9. Rc1 Bf5 10. Qb3 b6 11. Bb5 Na5 12. Qd1 a6 13. Bd3 Bxd3 14. Qxd3 Nc4 15. b3 Nd6 16. 0-0 b5 17. Ne5 Rc8 18. Rc2 Nde4 19. Nxe4 Nxe4 20. Rfc1 Rxc2 21. Qxc2 Qa5 22. Nc6 Qa3 23. f3 g5 24. Be5 Nf6 25. Qc5 Qxc5 26. Rxc5 e6 27. Bd6 Ra8 28. Ne7+ Kh8 29. Rc8+ Rxc8 30. Nxc8 Ne8 31. Kf1 Nxd6 32. Nxd6 Kg8 33. Ne8 Bf8 34. Nc7 a5 35. Nxb5 Kg7 36. Ke2 f6 37. Kd3 e5 38. dxe5 fxe5 39. Nc3 d4 40. exd4 exd4 41. Kxd4 Kf6 42. Ke4 Bb4 43. Nd5+ Kg6 44. Nxb4 axb4 45. Kd4 Kf5 46. g3 h5 47. Kc4 h4 48. gxh4 gxh4 49. Kxb4 Kf4 50. a4 Kxf3 51. a5 Kg3 52. a6 Kxh3 53. a7 Kg2 54. a8Q+ Kg1 55. Kc5 h3 56. Qh8 h2 57. Qxh2+ Kxh2 58. b4 1-0

[Event "Titled Tuesday intern op 26th Sep Late"]
[Site "Chess.com INT"]
[Date "2023.09.26"]
[Round "1"]
[White "Dubnevych, Maksym"]
[Black "Oliveira, Tiago Batista"]
[Result "1-0"]
[WhiteElo "2391"]
[BlackElo "1971"]
[PlyCount "65"]
[EventDate "2023.09.26"]
[EventType "swiss (blitz)"]
[EventRounds "11"]
[EventCountry "USA"]
[SourceTitle "EXT 2024"]
[Source "ChessBase"]
[SourceDate "2023.10.10"]
[SourceVersion "1"]
[SourceVersionDate "2023.10.10"]
[SourceQuality "1"]

1. d4 Nf6 2. Nc3 d5 3. Bf4 c6 4. e3 e6 5. Nf3 Bd6 6. Ne5 0-0 7. Bd3 h6 8. g4 Bxe5 9. Bxe5 Nfd7 10. Bg3 e5 11. dxe5 Re8 12. f4 Qb6 13. Qd2 Nc5 14. 0-0 Bxg4 15. f5 Nxd3 16. cxd3 d4 17. exd4 Qxd4+ 18. Kg2 Nd7 19. Rf4 Qxe5 20. Rxg4 Qxf5 21. Rf4 Qg6 22. Kh1 Ne5 23. Re4 Qf5 24. Qe2 f6 25. Rf1 Qd7 26. Bxe5 fxe5 27. Nd1 Re6 28. Ne3 Rg6 29. Ng4 Qd5 30. Nxe5 Re6 31. Nf3 Rae8 32. Re1 Qxa2 33. Rxe6 1-0